000 00313nam a22001337a 4500
003 OSt
008 240805b |||||||| |||| 00| 0 eng d
082 _a632.9
_bA17E
100 _aAbrol, D.P.
245 _aGolosically Based Integrated Pest Management
260 _aNIPA
_c2012
300 _a979
942 _2ddc
_cBK
999 _c43574
_d43574